zpět

Detail výsledku týmu

Le fakap, Praha

Datum a čas kvízu

31 Celkem bodů Celkový počet nahraných bodů na tomto kvízu bez doplňovacích otázek.
8. Pořadí na kvízu Konečné umístění týmu na tomto kvízu.

Zaznamenané odpovědi

# Otázka Odpověď Body Výsledky
1. Tak jako běžné Hospodské kvízy... Thomas Cook 1
2. Populární sportovní obchod Bas... pornofilm 1
3. Nepříjemné překvapení čekalo b... zjistili, že jejich vysněný apartmán ve skutečnosti vůbec neexistuje 1
4. Entomologové objevili nad obc... kudlanka nábožná 0
5. Mistrovství světa v atletice b... Katar 1
6. Na začátku filmu sedí rodina D... Protože v neděli nechodí pošta. 1
7. Jaké číslo má trezor, ze které... B 1
8. "Neviděli jste tu někde žábu?... Neville 1
9. Za kterou barvu hrají Harry, R... Hrají za černou, Rona vezme bílá dáma. 1
10. Celkem kolik bodů udělí Brumbá... 170 bodů 1